000 00719nam a22002297a 4500
999 _c14301
_d14301
003 AR-CdUCM
008 190422b ||||| |||| 00| 0 spa d
040 _aMUNICIPALIDAD PROVINCIAL DEL CUSCO
_cBIBLIOTECA MUNICIPAL DEL CUSCO
082 _aPI / 376.1 /
_bB28
100 _aBaussier, Sylvie
_933033
245 _aLas estaciones /
260 _bLarousse.
300 _bilustraciones,
_c19 cm.
440 _aMinienciclopédia Larousse.
_933017
500 _aIncluye stickers y rompecabezas.
650 _aLiteratura infantil
_9588
650 _aEducación infantil
_912296
650 _aAprendizaje
_92143
700 _aClavelet, Magali (ilustraciones)
_933034
942 _2ddc
_cLIBROS
945 _aachl
_d2019-04-22